[Event "NK senioren en veteranen 2017"]
[Site "Dieren, Netherlands"]
[Date "2017.07.20"]
[Round "6"]
[White "Erwich, Frans"]
[Black "Mostertman, Loek"]
[Result "1-0"]
[WhiteElo "1906"]
[BlackElo "1961"]
[PlyCount "107"]
[EventDate "2017.??.??"]

1. e4 e5 2. Nf3 Nc6 3. Bb5 a6 4. Ba4 Nf6 5. O-O Be7 6. Re1 b5 7. Bb3 O-O 8. h3
Bb7 9. c3 d5 10. exd5 Nxd5 11. Nxe5 Nxe5 12. Rxe5 Bf6 13. Bxd5 Bxd5 14. Re1 c5
15. d3 Qd6 16. Be3 Rfe8 17. Nd2 Re6 18. Ne4 Bxe4 19. dxe4 Qc7 20. Qd5 Rae8 21.
Qxc5 Qxc5 22. Bxc5 Rxe4 23. Rxe4 Rxe4 24. Kf1 Rc4 25. Re1 h6 26. Re8+ Kh7 27.
Bb4 a5 28. b3 Rc6 29. Bxa5 Ra6 30. Bb4 Rxa2 31. Rb8 Rb2 32. Rxb5 Rxb3 33. c4
Rb2 34. Bc5 Rc2 35. Rb4 Kg6 36. Be3 Kf5 37. g4+ Ke4 38. c5+ Kd5 39. Rb7 Ke6 40.
Rb6+ Kd7 41. Rd6+ Kc7 42. Bf4 Kc8 43. c6 Bd8 44. Rd7 Rxc6 45. Rxf7 Bf6 46. Kg2
Kd8 47. h4 Ke8 48. Rb7 g5 49. hxg5 hxg5 50. Be3 Rc4 51. Kf3 Rc3 52. Ke4 Rc4+
53. Kf5 Rc6 54. Bxg5 1-0

[Event "NK senioren en veteranen 2017"]
[Site "Dieren, Netherlands"]
[Date "2017.07.20"]
[Round "6"]
[White "Selten, Jan"]
[Black "Perrenet, Jacob"]
[Result "1-0"]
[WhiteElo "2124"]
[BlackElo "2086"]
[PlyCount "94"]
[EventDate "2017.??.??"]

1. Nf3 Nc6 2. d4 e5 3. Nxe5 Nxe5 4. dxe5 d6 5. Bf4 d5 6. e4 Be6 7. exd5 Bxd5 8.
a3 g5 9. Nc3 gxf4 10. Qxd5 c6 11. Qe4 Qe7 12. g3 Bh6 13. Bh3 Rd8 14. O-O Qg5
15. Rad1 Rxd1 16. Rxd1 Ne7 17. e6 f5 18. Qxf4 Qxf4 19. gxf4 Rg8+ 20. Kf1 Rg6
21. Rd7 Bxf4 22. Rxb7 Rxe6 23. Rxa7 Rh6 24. Kg2 Rg6+ 25. Kf3 Bxh2 26. b4 Be5
27. Ne2 Rh6 28. Bf1 Rh2 29. c3 h5 30. Nd4 Rh1 31. Ke2 h4 32. Bg2 Rh2 33. Nxc6
Ng6 34. Nxe5 Nxe5 35. Bf3 Ng4 36. Bxg4 fxg4 37. Kf1 h3 38. Rh7 Rh1+ 39. Ke2 Ra1
40. Kd3 Rxa3 41. Rh4 Ra1 42. b5 Kd7 43. Kd4 Ke6 44. c4 Kf5 45. b6 Rb1 46. Kc5
Rb2 47. f3 gxf3 1-0

[Event "NK senioren en veteranen 2017"]
[Site "Dieren, Netherlands"]
[Date "2017.07.21"]
[Round "7"]
[White "Van den Berg, Ad"]
[Black "Overeem, Marc"]
[Result "1/2-1/2"]
[WhiteElo "2210"]
[BlackElo "2204"]
[PlyCount "35"]
[EventDate "2017.??.??"]

1. e4 c5 2. Nf3 d6 3. c3 Nf6 4. g3 Nc6 5. d3 g6 6. Bg2 Bg7 7. O-O O-O 8. Re1 e5
9. Na3 Rb8 10. Nc2 d5 11. Bg5 d4 12. cxd4 cxd4 13. Qd2 a5 14. Rac1 Qd6 15. a4
Nd7 16. h3 Re8 17. Na3 f6 18. Bh6 1/2-1/2

[Event "NK senioren en veteranen 2017"]
[Site "Dieren, Netherlands"]
[Date "2017.07.21"]
[Round "7"]
[White "Van Rijn, Anton"]
[Black "Selten, Jan"]
[Result "1/2-1/2"]
[WhiteElo "2163"]
[BlackElo "2124"]
[PlyCount "42"]
[EventDate "2017.??.??"]

1. Nf3 Nf6 2. c4 e6 3. d4 d5 4. cxd5 exd5 5. Bg5 Bb4+ 6. Nc3 h6 7. Bh4 O-O 8.
e3 c6 9. Qc2 Nbd7 10. Bd3 Re8 11. a3 Be7 12. Bg3 a6 13. O-O c5 14. dxc5 Nxc5
15. Rad1 Nxd3 16. Qxd3 Be6 17. Nd4 Rc8 18. Rfe1 Bd6 19. Nxe6 fxe6 20. Bxd6 Qxd6
21. e4 Ng4 1/2-1/2

[Event "NK senioren en veteranen 2017"]
[Site "Dieren, Netherlands"]
[Date "2017.07.21"]
[Round "7"]
[White "Sprinkhuizen, Arno"]
[Black "Schouten, Henk"]
[Result "0-1"]
[WhiteElo "2026"]
[BlackElo "2103"]
[PlyCount "82"]
[EventDate "2017.??.??"]

1. e4 c5 2. d4 cxd4 3. c3 dxc3 4. Nxc3 d6 5. Nf3 Nc6 6. Bc4 Nf6 7. e5 dxe5 8.
Qxd8+ Kxd8 9. Ng5 Be6 10. Bxe6 fxe6 11. Be3 Ke8 12. Nxe6 Rc8 13. O-O Kf7 14.
Ng5+ Kg6 15. Ne6 Kf5 16. Ng5 h6 17. Nf3 g5 18. h4 g4 19. Nd2 Bg7 20. f3 Kg6 21.
Nde4 gxf3 22. Rxf3 Nd4 23. Rg3+ Kh7 24. Rf1 Nxe4 25. Nxe4 Ne2+ 26. Kh2 Nxg3 27.
Nxg3 Rhf8 28. Rg1 b6 29. Bd2 e4 30. Nxe4 Bxb2 31. Re1 Rc2 32. a4 Rg8 33. Kh3
Rd8 34. Bb4 Rd4 35. Bxe7 Rxa4 36. g3 Ra1 37. Re3 h5 38. Ng5+ Kg8 39. g4 Rh1+
40. Kg3 Rg1+ 41. Kf4 Bc1 0-1

[Event "NK senioren en veteranen 2017"]
[Site "Dieren, Netherlands"]
[Date "2017.07.21"]
[Round "7"]
[White "Van Lanen, Toon"]
[Black "Homs, Guust"]
[Result "0-1"]
[WhiteElo "2108"]
[BlackElo "2187"]
[PlyCount "54"]
[EventDate "2017.??.??"]

1. d4 d5 2. c4 e6 3. Nc3 Nf6 4. Bg5 Nbd7 5. e3 Be7 6. Nf3 O-O 7. Rc1 a6 8. cxd5
exd5 9. Bd3 c6 10. O-O Re8 11. Qc2 h6 12. Bh4 b6 13. Rfe1 Bb7 14. e4 dxe4 15.
Bxe4 Nxe4 16. Bxe7 Rxe7 17. Rxe4 c5 18. Rxe7 Qxe7 19. Qf5 Bxf3 20. Qxf3 Re8 21.
g3 cxd4 22. Nd5 Qe2 23. Qxe2 Rxe2 24. Rc8+ Kh7 25. b3 d3 26. Kf1 Rxa2 27. Rd8
Ra1+ 0-1

[Event "NK senioren en veteranen 2017"]
[Site "Dieren, Netherlands"]
[Date "2017.07.21"]
[Round "7"]
[White "Hoogland, Dirk"]
[Black "Smeets, Pierre"]
[Result "1/2-1/2"]
[WhiteElo "2084"]
[BlackElo "1997"]
[PlyCount "96"]
[EventDate "2017.??.??"]

1. c4 c6 2. g3 d5 3. Bg2 Nf6 4. Nf3 Bg4 5. Ne5 Be6 6. cxd5 Bxd5 7. Nf3 c5 8.
Nc3 Bc6 9. d3 g6 10. O-O Bg7 11. e4 b6 12. Qe2 Bb7 13. Bf4 Nc6 14. a4 O-O 15.
Rfd1 Nd4 16. Nxd4 cxd4 17. Nb5 Qd7 18. Rdc1 Ne8 19. h4 e5 20. Bg5 f6 21. Bd2
Bc8 22. Qd1 Qe6 23. Rc4 Rf7 24. Rac1 Bd7 25. Qc2 Bf8 26. Kh2 a6 27. Nc7 Nxc7
28. Rxc7 Bd6 29. Rb7 Bxa4 30. Qxa4 Rxb7 31. Rc6 b5 32. Qc2 Qe7 33. Qb3+ Kg7 34.
Ba5 Bc7 35. Bb4 Qf7 36. Qc2 a5 37. Bd2 Bb6 38. Qd1 Qd7 39. Rc1 Rc7 40. Ra1 Qe7
41. h5 a4 42. Bh3 Ba5 43. Bg4 Bxd2 44. Qxd2 Qc5 45. Kg2 Qc2 46. Qb4 Qc5 47. Qd2
Qc2 48. Qb4 Qc5 1/2-1/2

[Event "NK senioren en veteranen 2017"]
[Site "Dieren, Netherlands"]
[Date "2017.07.21"]
[Round "7"]
[White "Perrenet, Jacob"]
[Black "Gielen, Wim"]
[Result "1-0"]
[WhiteElo "2086"]
[BlackElo "1932"]
[PlyCount "59"]
[EventDate "2017.??.??"]

1. Nc3 Nf6 2. g4 Nxg4 3. e4 d6 4. Be2 Nf6 5. d4 e5 6. dxe5 dxe5 7. Bg5 Be7 8.
Nf3 Nbd7 9. Rg1 O-O 10. Bh6 Ne8 11. Qd2 Kh8 12. O-O-O Bf6 13. Bg5 Bxg5 14. Rxg5
f6 15. Rh5 g6 16. Qh6 Qe7 17. Nh4 Rg8 18. Nxg6+ Rxg6 19. Qxg6 Nf8 20. Qg2 Be6
21. Nd5 Qf7 22. f4 c6 23. fxe5 cxd5 24. exd5 fxe5 25. Rf1 Qg7 26. Rg5 Qh6 27.
Kb1 Bxd5 28. Qxd5 Qxg5 29. Rxf8+ Kg7 30. Rg8+ 1-0

[Event "NK senioren en veteranen 2017"]
[Site "Dieren, Netherlands"]
[Date "2017.07.21"]
[Round "7"]
[White "Landsbergen, Ron"]
[Black "Schouten, Nico"]
[Result "0-1"]
[WhiteElo "1969"]
[BlackElo "2159"]
[PlyCount "80"]
[EventDate "2017.??.??"]

1. e4 e5 2. Nf3 Nc6 3. d4 exd4 4. Bc4 Be7 5. O-O d6 6. Nxd4 Nf6 7. Nc3 Ne5 8.
Bb3 O-O 9. f4 Ng6 10. h3 c6 11. Qf3 h5 12. Be3 h4 13. Rad1 Qa5 14. g4 hxg3 15.
Qxg3 Qh5 16. f5 Ne5 17. Nde2 Ne8 18. Nf4 Qg5 19. Qxg5 Bxg5 20. Bd4 Kh7 21. Nd3
Nd7 22. Ne2 b6 23. e5 dxe5 24. Nxe5 Nxe5 25. Bxe5 Ba6 26. c4 Nf6 27. Bf4 Bh4
28. Bg3 Bxg3 29. Nxg3 c5 30. Rfe1 Rfe8 31. Kf2 Kh6 32. Rxe8 Rxe8 33. Ba4 Re7
34. b3 Bb7 35. Rd6 Kg5 36. Bc6 Bc8 37. a4 Bxf5 38. Nxf5 Kxf5 39. a5 Re6 40. Bd7
Ne4+ 0-1

[Event "NK senioren en veteranen 2017"]
[Site "Dieren, Netherlands"]
[Date "2017.07.21"]
[Round "7"]
[White "Etmans, Maarten"]
[Black "Mostertman, Loek"]
[Result "1-0"]
[WhiteElo "2035"]
[BlackElo "1961"]
[PlyCount "79"]
[EventDate "2017.??.??"]

1. b3 e5 2. Bb2 Nc6 3. e3 d5 4. d4 exd4 5. exd4 Nf6 6. Nf3 Be7 7. Be2 O-O 8.
O-O Bf5 9. a3 a6 10. c4 Re8 11. Ne5 Rb8 12. Nxc6 bxc6 13. cxd5 cxd5 14. Bxa6
Rb6 15. Be2 Qb8 16. Nd2 Ne4 17. Nxe4 Bxe4 18. b4 Rh6 19. Bc1 g5 20. g3 Qc8 21.
Bg4 Qa6 22. Re1 f5 23. Be2 Qg6 24. f3 Qh5 25. h4 gxh4 26. fxe4 Qg6 27. Qb3 Kh8
28. Bxh6 Qxh6 29. g4 fxg4 30. Bf1 Bg5 31. e5 Rf8 32. Rad1 Rf3 33. Rd3 Rg3+ 34.
Rxg3 hxg3 35. Bg2 Qh2+ 36. Kf1 h5 37. Qxd5 h4 38. e6 h3 39. e7 hxg2+ 40. Qxg2
1-0

[Event "NK senioren en veteranen 2017"]
[Site "Dieren, Netherlands"]
[Date "2017.07.21"]
[Round "7"]
[White "Jonkman, Fokke"]
[Black "Erwich, Frans"]
[Result "0-1"]
[WhiteElo "2021"]
[BlackElo "1906"]
[PlyCount "76"]
[EventDate "2017.??.??"]

1. c4 Nf6 2. Nc3 c5 3. Nf3 e6 4. d4 a6 5. g3 cxd4 6. Nxd4 Qc7 7. Qd3 Nc6 8.
Nxc6 Qxc6 9. f3 b6 10. e4 d6 11. Be3 Bb7 12. Be2 Be7 13. O-O O-O 14. Rac1 Rfd8
15. Rfd1 Rac8 16. b4 Qc7 17. a3 Nd7 18. Qd2 Qb8 19. Qe1 Bf6 20. Bd4 Bxd4+ 21.
Rxd4 Nf6 22. Kg2 Bc6 23. a4 Bb7 24. Rcd1 Qc7 25. Qd2 Ne8 26. Kf2 Kf8 27. e5 d5
28. f4 Ke7 29. Bf3 f6 30. exf6+ Nxf6 31. Qe2 dxc4 32. Rxd8 Rxd8 33. Rxd8 Bxf3
34. Kxf3 Qc6+ 35. Rd5 Nxd5 36. b5 axb5 37. axb5 Nxc3+ 38. bxc6 Nxe2 0-1